000 nam a22 7a 4500
999 _c232540
_d232540
003 ASAB
005 20170220160556.0
008 170220b xxu||||| |||| 00| 0 eng d
040 _cASAB
082 _a574.87 KUM
245 _aRecombinant DNA and Biotechnology
_cR.N. Kumar
942 _2ddc
_cBK